[Event "Titled Tuesday intern op 02nd Apr Early"]
[Site "Chess.com INT"]
[Date "2024.04.02"]
[Round "6"]
[White "Seder, Mohamad"]
[Black "Slate, Kent"]
[Result "1-0"]
[WhiteElo "2077"]
[BlackElo "2087"]
[PlyCount "107"]
[EventDate "2024.04.02"]
[EventType "swiss (blitz)"]
[EventRounds "11"]
[EventCountry "USA"]
[SourceTitle "CB15_2024"]
[SourceDate "2024.04.10"]
[SourceVersion "1"]
[SourceVersionDate "2024.04.10"]
[SourceQuality "1"]

1. e4 c5 2. Nf3 Nc6 3. Bb5 g6 4. 0-0 Bg7 5. c3 Nf6 6. Re1 0-0 7. d4 d5 8. exd5 Nxd5 9. dxc5 Bg4 10. h3 Bxf3 11. Qxf3 e6 12. Bxc6 bxc6 13. Nd2 Qe7 14. Ne4 e5 15. c4 Nb4 16. Qc3 a5 17. a3 Na6 18. Qxa5 f5 19. Nd6 e4 20. Rb1 Bd4 21. Be3 Nxc5 22. Qd2 Nb3 23. Qc2 Rfb8 24. c5 Kg7 25. Rbd1 Be5 26. Qc4 Na5 27. Qc1 Rxb2 28. Bd4 Bxd4 29. Rxd4 Rab8 30. Red1 Nb3 31. Qxb2 Nxd4 32. Qxb8 Nf3+ 33. gxf3 Qg5+ 34. Kf1 Qh4 35. Qc7+ Kh6 36. Nf7+ Kh5 37. Qg3 Qf6 38. Ne5 f4 39. Qg4+ Kh6 40. Rd7 g5 41. fxe4 Qxe5 42. Rd6+ Kg7 43. Qd7+ Kf8 44. Qf5+ Qxf5 45. exf5 h5 46. f6 Kf7 47. f3 Kg6 48. Ke2 g4 49. fxg4 hxg4 50. hxg4 Kg5 51. f7 f3+ 52. Kxf3 Kh4 53. f8Q Kg5 54. Qh6# 1-0

[Event "Titled Tuesday intern op 16th Jan Early"]
[Site "Chess.com INT"]
[Date "2024.01.16"]
[Round "7"]
[White "Khegay, Yuliya"]
[Black "Slate, Kent"]
[Result "0-1"]
[WhiteElo "1798"]
[BlackElo "2087"]
[PlyCount "116"]
[EventDate "2024.01.16"]
[EventType "swiss (blitz)"]
[EventRounds "11"]
[EventCountry "USA"]
[SourceTitle "CB04_2024"]
[SourceDate "2023.10.16"]
[SourceVersion "1"]
[SourceVersionDate "2023.10.16"]
[SourceQuality "1"]

1. e4 d5 2. exd5 c6 3. dxc6 Nxc6 4. Nf3 e5 5. Nc3 Bd6 6. Bb5 Nge7 7. d3 Bg4 8. h3 Bh5 9. Ne4 Bc7 10. Ng3 Bg6 11. 0-0 0-0 12. Nh4 Nd4 13. Nxg6 Nxg6 14. Bc4 b5 15. Bb3 a5 16. c3 Nxb3 17. axb3 Qd5 18. c4 Qb7 19. Qe2 Nh4 20. Qe4 Qxe4 21. dxe4 Bb6 22. Bg5 Ng6 23. Rfd1 f6 24. Bd2 Rfc8 25. cxb5 Rc2 26. Rac1 Rxb2 27. Rc6 Bd4 28. Nf5 Rxb3 29. Nxd4 exd4 30. b6 a4 31. Ra1 Ne5 32. Rc7 Rxb6 33. Bf4 a3 34. Bxe5 fxe5 35. Rc5 a2 36. Rcc1 Rb2 37. Kf1 d3 38. Rd1 Ra3 39. g3 Kf7 40. Kg2 Ke6 41. Kf3 Kd6 42. Ke3 Kc5 43. Rdc1+ Kb4 44. Rd1 Re2+ 45. Kf3 Kc3 46. Rac1+ Rc2 47. Ra1 Kb2 48. Ke3 d2+ 49. Ke2 Rc1 50. Rxd2+ Kxa1 51. Rd5 Kb2 52. Rxe5 a1Q 53. Rb5+ Rb3 54. Rxb3+ Kxb3 55. f4 Qd4 56. e5 Qe4+ 57. Kf2 Rc2+ 58. Kf1 Qh1# 0-1

[Event "Titled Tuesday intern op 16th Jan Early"]
[Site "Chess.com INT"]
[Date "2024.01.16"]
[Round "6"]
[White "Slate, Kent"]
[Black "Mattenberger, Matthias"]
[Result "0-1"]
[WhiteElo "2087"]
[BlackElo "2221"]
[PlyCount "63"]
[EventDate "2024.01.16"]
[EventType "swiss (blitz)"]
[EventRounds "11"]
[EventCountry "USA"]
[SourceTitle "CB04_2024"]
[SourceDate "2023.10.16"]
[SourceVersion "1"]
[SourceVersionDate "2023.10.16"]
[SourceQuality "1"]

1. e4 c5 2. c3 d5 3. exd5 Qxd5 4. Nf3 Nf6 5. Na3 e6 6. d4 Nc6 7. Be3 cxd4 8. Nb5 Qd8 9. Nbxd4 Nxd4 10. Bxd4 Be7 11. Bd3 0-0 12. 0-0 Bd7 13. Ne5 Qc7 14. Qe2 Rfd8 15. Rad1 Be8 16. f4 Bc5 17. Nf3 Nd5 18. Kh1 Nxf4 19. Bxh7+ Kxh7 20. Qe4+ Ng6 21. Ng5+ Kg8 22. h4 Bxd4 23. cxd4 Qg3 24. Kg1 Qxh4 25. Qe3 Rd5 26. Nxe6 Rh5 27. Ng5 Qxg5 28. Qf3 Bc6 29. d5 Bxd5 30. Rxd5 Qxd5 31. Qxf7+ Qxf7 32. Rf5 0-1

[Event "North American-ch U20"]
[Site "Dulles"]
[Date "2023.12.23"]
[Round "9"]
[White "Slate, Kent"]
[Black "Ladan, Nicholas John"]
[Result "1-0"]
[WhiteElo "1939"]
[BlackElo "2254"]
[PlyCount "155"]
[EventDate "2023.12.19"]
[EventType "swiss"]
[EventRounds "9"]
[EventCountry "USA"]
[SourceTitle "CB52_2023"]
[SourceDate "2023.12.27"]
[SourceVersion "1"]
[SourceVersionDate "2023.12.27"]
[SourceQuality "1"]

1. e4 e5 2. Nf3 Nc6 3. d4 exd4 4. Nxd4 Qf6 5. Nb5 Bc5 6. Qe2 Bb6 7. N1c3 Nge7 8. h4 0-0 9. Bg5 Qe6 10. 0-0-0 a6 11. Na3 Ba5 12. Nd5 b5 13. c4 f6 14. Bf4 Ne5 15. b4 Nxd5 16. exd5 Qd6 17. bxa5 Qxa3+ 18. Qb2 Qxa5 19. Bd2 Qa4 20. Qb3 Qxb3 21. axb3 bxc4 22. bxc4 Ng4 23. Be1 Re8 24. Rh3 d6 25. Ra3 Bf5 26. c5 Rab8 27. Ra1 dxc5 28. Bxa6 Ra8 29. Kd2 Ne5 30. Kc3 Nf7 31. Kc4 Re4+ 32. Kxc5 Ne5 33. f3 Re3 34. d6 cxd6+ 35. Kd4 Rxa6 36. Rxa6 Re2 37. Ra8+ Kf7 38. Ra7+ Kg6 39. h5+ Kh6 40. Bd2+ g5 41. hxg6+ Kxg6 42. Ra8 Kf7 43. Bf4 Rxg2 44. Bxe5 dxe5+ 45. Ke3 Bg6 46. Rd6 Kg7 47. Ra7+ Kh6 48. Rxf6 Rb2 49. Ra5 Kg5 50. Rf8 Rb3+ 51. Kf2 Rb2+ 52. Kg3 Kh6 53. Rxe5 Rb4 54. Rf4 Rb3 55. Re6 Kg5 56. Ra4 Kf5 57. Rea6 Kg5 58. R4a5+ Kh6 59. Kf4 Rb1 60. Ke5 Re1+ 61. Kf4 Rb1 62. Kg3 Rb3 63. Rc6 Kg7 64. Rd6 Kh6 65. Kf2 Rb2+ 66. Ke3 Rb3+ 67. Ke2 Rb2+ 68. Rd2 Rb3 69. Kf2 Rb4 70. Kg3 Rb3 71. Kg4 Kg7 72. Ra7+ Kf6 73. Ra6+ Kg7 74. Rd7+ Kh6 75. f4 Rb1 76. f5 Rg1+ 77. Kh3 Ra1 78. Rxh7+ 1-0

[Event "Dulles Cherry Blossom op 10th"]
[Site "Dulles"]
[Date "2023.05.25"]
[Round "2"]
[White "Tanenbaum, Zachary Chen"]
[Black "Slate, Kent"]
[Result "1-0"]
[WhiteElo "2261"]
[BlackElo "1989"]
[PlyCount "71"]
[EventDate "2023.05.24"]
[EventType "swiss"]
[EventRounds "9"]
[EventCountry "USA"]
[SourceTitle "CBM 214 Extra"]
[Source "ChessBase"]
[SourceDate "2023.07.31"]
[SourceVersion "1"]
[SourceVersionDate "2023.07.31"]
[SourceQuality "1"]

1. e4 c5 2. Nf3 Nc6 3. Nc3 e5 4. Bc4 Be7 5. d3 d6 6. Nd2 Nf6 7. Nf1 Bg4 8. f3 Be6 9. Ne3 0-0 10. Ncd5 Nh5 11. a4 Bh4+ 12. g3 Bg5 13. 0-0 Bh3 14. f4 exf4 15. Qxh5 fxe3 16. Qxh3 e2 17. Re1 Bxc1 18. Raxc1 Nd4 19. Qg2 a6 20. c3 Nc6 21. Qxe2 Rb8 22. Rf1 b5 23. axb5 axb5 24. Bb3 b4 25. Ba4 Ne7 26. Nxe7+ Qxe7 27. Bc6 Kh8 28. Bd5 f5 29. Qd2 fxe4 30. dxe4 h6 31. Rxf8+ Qxf8 32. Rf1 Qd8 33. c4 Qe7 34. Rf7 Qe5 35. Qf2 Re8 36. Rf8+ 1-0